| 000 | 00569cam a22002051 4500 | ||
|---|---|---|---|
| 001 | sa 68007330 | ||
| 003 | DLC | ||
| 005 | 20260227112522.0 | ||
| 008 | 890514s1962 xx 000 0 urdo | ||
| 010 | _asa 68007330 | ||
| 035 | _a(OCoLC)23542369 | ||
| 040 |
_aDLC _cMiU _dDLC |
||
| 050 | 0 | 0 |
_aBP135.A144 _bU75 |
| 100 | 0 |
_aMuslim ibn al-Ḥajjāj al-Qushayrī, _dapproximately 821-875. |
|
| 245 | 1 | 0 | _aṢaḥiḥ Muslim. |
| 260 | _c[1962] | ||
| 300 |
_a2 v. (2056 p.) _c25 cm. |
||
| 700 | 0 |
_aNawawī, _d1233-1277. |
|
| 700 | 1 |
_aJaʻfrī, Raʼīs Aḥmad, _d1912-1968. |
|
| 999 |
_c81813 _d81813 |
||